Types of Males - Statistics

General Stats
  • This quiz has been taken 24 times
  • The average score is 5 of 8
Answer Stats
Hint Answer % Correct
Highest Alpha
100%
Beta
100%
Seperate Sigma
86%
Omega
64%
Delta
59%
Gamma
55%
Seperate Zeta
36%
Lowest Epsilon
27%
No matching quizzes found
Score Distribution
Percent of People with Each Score
Percentile by Number Answered
Your Score History
You have not taken this quiz